Oridathumillatha Oru Nagaram (Record no. 113530)

MARC details
000 -LEADER
fixed length control field 00415nam a2200121Ia 4500
008 - FIXED-LENGTH DATA ELEMENTS--GENERAL INFORMATION
fixed length control field 211119s9999||||xx |||||||||||||| ||und||
082 ## - DEWEY DECIMAL CLASSIFICATION NUMBER
Classification number 894.8123
Item number SRE-O
100 ## - MAIN ENTRY--PERSONAL NAME
Personal name Sreedharan, Perumpadavom
245 #0 - TITLE STATEMENT
Title Oridathumillatha Oru Nagaram
260 ## - PUBLICATION, DISTRIBUTION, ETC.
Name of publisher, distributor, etc. Sankeerthanam Publications
Place of publication, distribution, etc. 2011
Date of publication, distribution, etc. Kollam
650 ## - SUBJECT ADDED ENTRY--TOPICAL TERM
Topical term or geographic name entry element Malayalam Literature
942 ## - ADDED ENTRY ELEMENTS (KOHA)
Koha item type BOOK
650 ## - SUBJECT ADDED ENTRY--TOPICAL TERM
Form subdivision Malayalam FictionMalayalam NovelsShort StoriesMalayalam
General subdivision General Stack
Holdings
Withdrawn status Lost status Damaged status Not for loan Home library Current library Date acquired Cost, normal purchase price Total Checkouts Full call number Barcode Shelving location Date last seen Date last checked out Price effective from Koha item type
        SB LIBRARY SB LIBRARY 19/11/2021 70.00 1 894.8123 SRE-O 00126988 GENERAL STACK 23/08/2023 05/08/2023 19/11/2021 BOOK

Powered by Koha